000 00411pab a2200145 454500
008 180718b1987 xxu||||| |||| 00| 0 eng d
100 _aSwain, Saraswati
245 _aDevelopment of curriculum - the Jagat Singh pur experience
260 _c1987
300 _a154-9
362 _aJul.-Sep.
650 _aHealth Education - India
773 _aHealth and Population - Perspectives and Issues
909 _a10069
999 _c10069
_d10069